000 00505cam a2200205ua 4500
001 5734
008 131025n ii |||gr||||Z||||||eng
020 _a0333-90425-7
020 _a978-0333-90425-1
040 _cMAIN
082 _a954.035
100 _aSarkar ,Sumit,
_eAuthor.
245 _aModern India 1885-1947
_cBy Sumit Sarkar
260 _aNew Delhi:
_bMacmillan,
_c2008.
300 _a479p.
653 _aHistory
653 _aModern India
653 _aIndian history 1885-1947
942 _cBK
999 _c4892
_d4892